Normal view
MARC view
Entry Topical Term
001 - CONTROL NUMBER
- control field: 13952
003 - CONTROL NUMBER IDENTIFIER
- control field: OSt
005 - DATE AND TIME OF LATEST TRANSACTION
- control field: 20230103151308.0
008 - FIXED-LENGTH DATA ELEMENTS
- fixed length control field: 230103|| aca||aabn | a|a d
040 ## - CATALOGING SOURCE
- Original cataloging agency: OSt
- Transcribing agency: OSt
150 ## - HEADING--TOPICAL TERM
- Topical term or geographic name entry element: ပညာရေး
- Geographic subdivision: မြန်မာနိုင်ငံ
670 ## - SOURCE DATA FOUND
- Source citation: Work cat.: (OSt): သုည ၊ မောင် ၊ တက္ကသိုလ်။ 13951, မြန်မာနိုင်ငံခေတ်အဆက်ဆက်ဘုန်းတော်ကြီးကျောင်းပညာရေးသမိုင်း /, ၂၀၁၈။